[Event "SR 2. liga A 2014/2015"]
[Site "?"]
[Date "2015.02.01"]
[Round "7.5"]
[White "Balogh, Tomas"]
[Black "Cibulka, Vladimir"]
[Result "1-0"]
[WhiteElo "2358"]
[BlackElo "2207"]
[PlyCount "73"]
[EventDate "2014.??.??"]

1. d4 e6 2. c4 f5 3. Nf3 Nf6 4. g3 c6 5. Bg2 d5 6. O-O Bd6 7. Qc2 O-O 8. Bf4
Bxf4 9. gxf4 Ne4 10. Nbd2 Nd7 11. e3 Ndf6 12. Ne5 Nxd2 13. Qxd2 Ng4 14. Nf3 Bd7
15. a4 a5 16. Rfc1 h6 17. b4 axb4 18. Qxb4 Bc8 19. a5 dxc4 20. Rxc4 Ra6 21.
Rcc1 Nf6 22. Bf1 Ra8 23. Qb6 Nd5 24. Qxd8 Rxd8 25. h4 Ne7 26. Bc4 Kf8 27. Kh2
Kf7 28. Ne5+ Kf6 29. Rg1 g6 30. Nd3 Rh8 31. Kg3 g5 32. hxg5+ hxg5 33. fxg5+
Kxg5 34. Rgb1 Ng6 35. Nc5 e5 36. dxe5 Nxe5 37. f4+ 1-0

[Event "SR 2. liga A 2014/2015"]
[Site "?"]
[Date "2015.02.01"]
[Round "7.5"]
[White "Takacs, Laszlo"]
[Black "Janko, Michal"]
[Result "1/2-1/2"]
[WhiteElo "2110"]
[BlackElo "2280"]
[PlyCount "70"]
[EventDate "2014.??.??"]

1. e4 c5 2. Nf3 Nc6 3. d4 cxd4 4. Nxd4 e5 5. Nb5 d6 6. c4 Be7 7. N1c3 a6 8. Na3
f5 9. Nd5 Nf6 10. Nxe7 Qxe7 11. exf5 Bxf5 12. Bd3 Be6 13. O-O O-O 14. Nc2 Rad8
15. b3 Qf7 16. f4 d5 17. f5 Bc8 18. cxd5 Nxd5 19. Qf3 Kh8 20. Bg5 Nf6 21. Bc4
Qc7 22. Rac1 b5 23. Be2 Bb7 24. Qh3 Qb6+ 25. Kh1 Ne4 26. Bxd8 Nf2+ 27. Rxf2
Qxf2 28. Bd3 Nxd8 29. f6 e4 30. Rf1 Qc5 31. Rf5 Qd6 32. fxg7+ Kxg7 33. Qg4+ Kh8
34. Rxf8+ Qxf8 35. Be2 Qc5 1/2-1/2

[Event "SR 2. liga A 2014/2015"]
[Site "?"]
[Date "2015.02.01"]
[Round "7.5"]
[White "Slacky, Stanislav"]
[Black "Veselsky, Jozef"]
[Result "1/2-1/2"]
[WhiteElo "2191"]
[BlackElo "2133"]
[PlyCount "92"]
[EventDate "2014.??.??"]

1. d4 d5 2. c4 Nf6 3. Nf3 e6 4. g3 c6 5. Bg2 Nbd7 6. O-O Bd6 7. Nc3 O-O 8. Qc2
h6 9. b3 b6 10. e4 dxe4 11. Nxe4 Nxe4 12. Qxe4 Bb7 13. Ne5 f5 14. Qe2 Nxe5 15.
dxe5 Be7 16. Re1 Qc7 17. Bd2 Rad8 18. Rad1 Rd7 19. Bc3 Rfd8 20. Rxd7 Qxd7 21.
Qe3 Bc5 22. Qe2 Qd3 23. Qb2 a5 24. Rc1 Kf7 25. Bf1 Qf3 26. Qe2 Qxe2 27. Bxe2
Ke7 28. Rd1 Rxd1+ 29. Bxd1 Kd7 30. Kf1 Bb4 31. Bb2 b5 32. Be2 Ba6 33. cxb5 Bxb5
34. a4 Bxe2+ 35. Kxe2 g5 36. h3 h5 37. f3 Be7 38. Bc3 Bd8 39. Kd3 c5 40. Kc4
Kc6 41. g4 hxg4 42. hxg4 f4 43. Be1 Bc7 44. Bf2 Bb6 45. Be1 Bc7 46. Bd2 Bd8
1/2-1/2

[Event "SR 2. liga A 2014/2015"]
[Site "?"]
[Date "2015.02.01"]
[Round "7.5"]
[White "Kalmar, Tamas"]
[Black "Micek, Jaroslav"]
[Result "1/2-1/2"]
[WhiteElo "1966"]
[BlackElo "2112"]
[PlyCount "125"]
[EventDate "2014.??.??"]

1. d4 Nf6 2. c4 g6 3. Nc3 Bg7 4. e4 d6 5. f3 b6 6. Be3 Nbd7 7. Bd3 c5 8. Nge2
Bb7 9. O-O O-O 10. Qd2 Re8 11. Rfd1 a6 12. a4 Qc7 13. Rac1 Rad8 14. Nd5 Qb8 15.
b4 e6 16. Nxf6+ Bxf6 17. d5 Qc7 18. Nf4 Bd4 19. Bf2 e5 20. Ne2 Bxf2+ 21. Kxf2
Rb8 22. b5 axb5 23. axb5 Ra8 24. Ra1 Kg7 25. Qb2 f6 26. Rxa8 Rxa8 27. Ra1 Qb8
28. Ra3 Ra5 29. Nc3 Qa7 30. Ra2 Bc8 31. Qa1 Nb8 32. Rxa5 bxa5 33. Na4 Bd7 34.
Qb2 Be8 35. Bc2 Nd7 36. Ke2 Nb6 37. Nxb6 Qxb6 38. Ba4 Bd7 39. Qd2 h6 40. Kd1 f5
41. Kc1 g5 42. Qe1 Qd8 43. Bc2 f4 44. Kb2 Qb6 45. Qc3 h5 46. Ka3 g4 47. Ka4 Kf7
48. Qxa5 Qb7 49. Ka3 Ke7 50. Ba4 h4 51. Qe1 g3 52. hxg3 hxg3 53. Qa5 Bc8 54. b6
Kd8 55. Bc6 Qa6 56. Qxa6 Bxa6 57. Kb3 Kc8 58. Kc3 Kb8 59. b7 Kc7 60. Kb3 Kb8
61. Kc3 Bxb7 62. Bxb7 Kxb7 63. Kb3 1/2-1/2

[Event "SR 2. liga A 2014/2015"]
[Site "?"]
[Date "2015.02.01"]
[Round "7.5"]
[White "Pytlik, Pavol"]
[Black "Marosi, Csaba"]
[Result "1/2-1/2"]
[WhiteElo "2027"]
[BlackElo "2002"]
[PlyCount "74"]
[EventDate "2014.??.??"]

1. e4 Nf6 2. d3 d5 3. Nd2 e5 4. g3 dxe4 5. dxe4 Bc5 6. Bg2 O-O 7. Ngf3 Nc6 8.
O-O Bg4 9. c3 a5 10. a4 Qd3 11. Re1 Rad8 12. Qb3 Qa6 13. Qb5 Qa7 14. Qe2 Rd7
15. h3 Bxf3 16. Bxf3 Rfd8 17. Nb3 Be7 18. Be3 b6 19. g4 Ne8 20. g5 Bd6 21. h4
Nb8 22. Bg4 Re7 23. Qc2 Qb7 24. Nd2 Nd7 25. Nf1 Nf8 26. Ng3 g6 27. h5 Ne6 28.
hxg6 hxg6 29. Bxe6 Rxe6 30. Rad1 Be7 31. Rxd8 Bxd8 32. Qe2 Be7 33. Kg2 Nd6 34.
f3 Bf8 35. Bf2 Bg7 36. Qc2 Qc6 37. Ne2 Nb7 1/2-1/2

[Event "SR 2. liga A 2014/2015"]
[Site "?"]
[Date "2015.02.01"]
[Round "7.5"]
[White "Darazs, Zoltan"]
[Black "Puchovsky, Ladislav"]
[Result "1-0"]
[WhiteElo "2128"]
[BlackElo "1949"]
[PlyCount "63"]
[EventDate "2014.??.??"]

1. e4 e6 2. b3 d5 3. Bb2 Nf6 4. e5 Nfd7 5. f4 c5 6. Nf3 b6 7. d4 Ba6 8. Bxa6
Nxa6 9. Qe2 Nc7 10. c3 b5 11. O-O Nb6 12. Nbd2 Qd7 13. dxc5 Bxc5+ 14. Kh1 g6
15. Rad1 Qc6 16. Nd4 Qd7 17. c4 a6 18. Nc2 Qe7 19. cxd5 Ncxd5 20. Ne4 O-O 21.
Nf6+ Nxf6 22. exf6 Qc7 23. Be5 Qb7 24. b4 Bxb4 25. Nxb4 Nc4 26. Qd3 Rac8 27.
Rf3 a5 28. Nc2 b4 29. Rh3 h5 30. Rxh5 Rcd8 31. Qxd8 gxh5 32. Qxf8+ 1-0

[Event "SR 2. liga A 2014/2015"]
[Site "?"]
[Date "2015.02.01"]
[Round "7.5"]
[White "Prochazka, Jaromir"]
[Black "Vegh, Vince"]
[Result "0-1"]
[WhiteElo "1945"]
[BlackElo "1919"]
[PlyCount "70"]
[EventDate "2014.??.??"]

1. Nf3 Nf6 2. d4 d5 3. e3 e6 4. c4 c6 5. Nc3 Bd6 6. Qc2 Nbd7 7. cxd5 exd5 8.
Bd3 h6 9. Nh4 O-O 10. Nf5 Bc7 11. Bd2 Re8 12. O-O-O c5 13. Nb5 c4 14. Bb4 Ba5
15. Bxa5 Qxa5 16. Nbd6 cxd3 17. Rxd3 Qd8 18. Nxe8 Nxe8 19. Rc3 Nb6 20. Kb1 Nc4
21. Ka1 Be6 22. Rc1 Qb6 23. Ng3 Qd6 24. e4 b5 25. exd5 Qxd5 26. Qe4 Qd8 27. f3
Nf6 28. Qh4 Qd5 29. b3 Nb6 30. Ne2 a5 31. Nf4 Qxd4 32. Ng6 Qd8 33. Ne5 a4 34.
Rd3 Qe7 35. Nc6 Qa3 0-1

[Event "SR 2. liga A 2014/2015"]
[Site "?"]
[Date "2015.02.01"]
[Round "7.5"]
[White "Szitasi, Janos"]
[Black "Vanek, Libor"]
[Result "1-0"]
[WhiteElo "1943"]
[BlackElo "1830"]
[PlyCount "133"]
[EventDate "2014.??.??"]

1. e4 d6 2. d4 Nf6 3. Nc3 g6 4. Be2 Bg7 5. Be3 O-O 6. Qd2 Nbd7 7. Bh6 c5 8.
Bxg7 Kxg7 9. Nf3 Qa5 10. O-O-O a6 11. h3 e5 12. dxe5 dxe5 13. Qd6 Re8 14. Nd2
Qb6 15. Nc4 Qxd6 16. Nxd6 Re7 17. g4 Nb6 18. g5 Ne8 19. a4 Be6 20. Bg4 Nxd6 21.
Rxd6 Nc4 22. Rdd1 Rf8 23. b3 Na5 24. Nd5 Bxd5 25. exd5 f5 26. gxf6+ Rxf6 27.
Rd2 Rd6 28. Re1 Kf6 29. Re4 b5 30. Be2 bxa4 31. Rxa4 Nb7 32. Bxa6 Nd8 33. Bf1
Nf7 34. b4 cxb4 35. Rxb4 Rc7 36. Bg2 Ra6 37. f4 Nd6 38. fxe5+ Kxe5 39. Re2+ Kf5
40. Rf2+ Kg5 41. Bf1 Ra5 42. Rd2 Re7 43. Kb2 Re5 44. c4 Kf6 45. Bd3 Re3 46. Rb6
Ke5 47. Re2 Rxe2+ 48. Bxe2 Rc5 49. Kb3 Rc7 50. Bd3 g5 51. Kb4 Nb7 52. Rc6 Rf7
53. Kc3 Nd6 54. c5 Nb7 55. d6 Kd5 56. Rc7 Rf3 57. Rxb7 Kxc5 58. d7 Rf8 59. Bxh7
Kd6 60. Bf5 Ke7 61. Bg4 Rd8 62. Kd4 Ra8 63. Rc7 Ra4+ 64. Rc4 Ra5 65. Rc8 Ra4+
66. Kc5 Ra5+ 67. Kb6 1-0

[Event "SR 2. liga A 2014/2015"]
[Site "?"]
[Date "2015.02.01"]
[Round "7.6"]
[White "Janos, Martin"]
[Black "Cech, Dominik"]
[Result "1/2-1/2"]
[WhiteElo "2215"]
[BlackElo "2119"]
[PlyCount "160"]
[EventDate "2014.??.??"]

1. e4 c5 2. Nc3 Nc6 3. f4 g6 4. Nf3 Bg7 5. Bc4 e6 6. d3 Nge7 7. Bb3 d5 8. Bd2
O-O 9. O-O Na5 10. Qe2 Nec6 11. Kh1 b6 12. exd5 Nxb3 13. axb3 exd5 14. Rae1 Nd4
15. Nxd4 Bxd4 16. Nd1 Bg7 17. Qf2 f5 18. Re2 Re8 19. Rfe1 Bd7 20. Ne3 Bc6 21.
Nd1 Qd7 22. b4 Bd4 23. Qf3 Bf6 24. b3 Bh4 25. Rxe8+ Rxe8 26. Rxe8+ Qxe8 27. b5
Ba8 28. Qe3 Qxe3 29. Nxe3 d4 30. Nc4 Be7 31. Kg1 Kf7 32. Kf2 Ke6 33. g3 Bb7 34.
Ke2 Bf6 35. Kd1 Bc8 36. Kc1 Bd7 37. Na3 Kd6 38. Kb2 Kc7 39. b4 Be7 40. Kb3 Be6+
41. Ka4 Kb7 42. bxc5 bxc5 43. Ba5 g5 44. Nc4 gxf4 45. gxf4 Bd7 46. Ne5 Be8 47.
Kb3 Bxb5 48. c3 Ka6 49. Bc7 dxc3 50. Kxc3 Kb7 51. Ba5 Bh4 52. Kd2 Bc6 53. Ke3
Bd5 54. Kd2 Ka6 55. Bc3 Kb5 56. Nd7 h5 57. Bf6 Bf2 58. Ke2 Bg1 59. h4 a5 60.
Kd2 a4 61. Kc2 a3 62. Be5 Kb4 63. Bc3+ Kb5 64. Ne5 Bf2 65. Ng6 Bf7 66. Ne5 Be6
67. Ng6 a2 68. Kb2 Bf7 69. Ne5 Be8 70. Nc4 Bc6 71. Bf6 Bd5 72. Nd6+ Kb4 73.
Nxf5 Be6 74. Nd6 Bg3 75. f5 Bd5 76. Ne4 Bf4 77. Bc3+ Kb5 78. f6 c4 79. dxc4+
Kxc4 80. Nd2+ Bxd2 1/2-1/2

[Event "SR 2. liga A 2014/2015"]
[Site "?"]
[Date "2015.02.01"]
[Round "7.6"]
[White "Karas, Marek"]
[Black "Certek, Pavel"]
[Result "1/2-1/2"]
[WhiteElo "2170"]
[BlackElo "2267"]
[PlyCount "16"]
[EventDate "2014.??.??"]

1. e4 c5 2. Nf3 Nc6 3. Bb5 e6 4. O-O Nge7 5. c3 a6 6. Ba4 b5 7. Bc2 Bb7 8. d4 (
8. a4 b4 9. d4 cxd4 10. Nxd4) 8... b4 1/2-1/2

[Event "SR 2. liga A 2014/2015"]
[Site "?"]
[Date "2015.02.01"]
[Round "7.6"]
[White "Tepper, Frantisek"]
[Black "Petrik, Karol"]
[Result "0-1"]
[WhiteElo "2158"]
[BlackElo "2072"]
[PlyCount "79"]
[EventDate "2014.??.??"]

1. e4 c6 2. d3 g6 3. g3 Bg7 4. Bg2 d5 5. Nd2 Nf6 6. Ne2 O-O 7. O-O Nbd7 8. exd5
Nxd5 9. d4 N7f6 10. h3 Qc7 11. Nf3 Rd8 12. c4 Nb6 13. Bf4 Qd7 14. Rc1 Nh5 15.
Be3 Qe8 16. g4 Nf6 17. Qc2 Nfd7 18. a4 a5 19. Rfd1 Ra6 20. Qb3 Na8 21. d5 Nb8
22. Nfd4 c5 23. Nb5 Nd7 24. Ng3 Be5 25. Ne4 f5 26. gxf5 gxf5 27. f4 fxe4 28.
fxe5 Rg6 29. Bf4 Qf8 30. Rf1 Qg7 31. Rf2 Nxe5 32. Kh2 Nd3 33. Rcc2 Nxf2 34.
Rxf2 Rf8 35. Bxe4 Bf5 36. Qd3 Bxe4 37. Qxe4 Nb6 38. Re2 Qf7 39. Bg3 Qf3 40. Bh4
0-1

[Event "SR 2. liga A 2014/2015"]
[Site "?"]
[Date "2015.02.01"]
[Round "7.6"]
[White "Slapak, Zdenek"]
[Black "Krajnak, Robert"]
[Result "1/2-1/2"]
[WhiteElo "2091"]
[BlackElo "2103"]
[PlyCount "29"]
[EventDate "2014.??.??"]

1. c4 c5 2. Nc3 b6 3. Nf3 Bb7 4. g3 Bxf3 5. exf3 Nc6 6. Bg2 g6 7. O-O Bg7 8. d3
Rc8 9. Bg5 h6 10. Be3 h5 11. Qd2 Nh6 12. Bxh6 Bxh6 13. f4 Nd4 14. Rae1 O-O 15.
Ne2 1/2-1/2

[Event "SR 2. liga A 2014/2015"]
[Site "?"]
[Date "2015.02.01"]
[Round "7.6"]
[White "Nemsak, Denis"]
[Black "Mikulas, Dusan"]
[Result "0-1"]
[WhiteElo "1957"]
[BlackElo "2073"]
[PlyCount "119"]
[EventDate "2014.??.??"]

1. c4 e5 2. Nc3 Nc6 3. g3 d6 4. Bg2 g6 5. e4 Bg7 6. Nge2 Be6 7. d3 Qd7 8. O-O
Nd4 9. Be3 Ne7 10. Bxd4 exd4 11. Nd5 c6 12. Ndf4 O-O 13. Nxe6 fxe6 14. Bh3 Rae8
15. Qa4 Nc8 16. Rac1 Qc7 17. f4 c5 18. b4 b6 19. Rb1 Bh6 20. Kh1 Kh8 21. bxc5
dxc5 22. e5 Qb7+ 23. Bg2 Qc7 24. Qc6 Qg7 25. Bh3 Ne7 26. Qxe6 Nf5 27. Qc6 Ne3
28. Rf2 Rxe5 29. fxe5 Rxf2 30. Nf4 Bxf4 31. gxf4 Rxf4 32. e6 Qe7 33. Qd7 Qxd7
34. exd7 Rf8 35. a4 Kg7 36. a5 bxa5 37. Rb7 Rd8 38. Rxa7 g5 39. Rxa5 g4 40. Bg2
Rxd7 41. Kg1 Rc7 42. Kf2 Kf6 43. Be4 Kg5 44. Kg3 h5 45. h4+ gxh3 46. Kxh3 Kf4
47. Ra8 Nd1 48. Rf8+ Ke3 49. Kh4 Nf2 50. Bf5 Re7 51. Kxh5 Nxd3 52. Kg5 Rc7 53.
Kf6 Rc6+ 54. Ke7 Ne5 55. Be6 d3 56. Bd5 Rb6 57. Rf5 Kd4 58. Rf4+ Kc3 59. Rf1 d2
60. Bg8 0-1

[Event "SR 2. liga A 2014/2015"]
[Site "?"]
[Date "2015.02.01"]
[Round "7.6"]
[White "Kuna, Vladimir"]
[Black "Falticko, Pavol"]
[Result "1-0"]
[WhiteElo "1989"]
[BlackElo "1921"]
[PlyCount "37"]
[EventDate "2014.??.??"]

1. d4 d5 2. Nf3 Nf6 3. c4 e6 4. Nc3 c6 5. Bg5 Be7 6. e3 Nbd7 7. Rc1 Ng4 8. Bxe7
Qxe7 9. h3 Ngf6 10. Bd3 e5 11. dxe5 Nxe5 12. Nxe5 Qxe5 13. O-O O-O 14. cxd5
Nxd5 15. Nxd5 Qxd5 16. Bc4 Qg5 17. Qf3 Qe5 18. Rfd1 Qxb2 19. Qxf7+ 1-0

[Event "SR 2. liga A 2014/2015"]
[Site "?"]
[Date "2015.02.01"]
[Round "7.6"]
[White "Goga, Frantisek"]
[Black "Hecht, Tomas"]
[Result "1/2-1/2"]
[WhiteElo "1909"]
[BlackElo "1970"]
[PlyCount "34"]
[EventDate "2014.??.??"]

1. e4 c5 2. Nf3 Nc6 3. Bb5 g6 4. O-O Bg7 5. Re1 Nf6 6. c3 O-O 7. d4 Qb6 8. Bxc6
bxc6 9. Nbd2 d6 10. h3 cxd4 11. cxd4 c5 12. dxc5 Qxc5 13. Nb3 Qc7 14. Bd2 Bb7
15. Rc1 Qb8 16. Bc3 Bxe4 17. Ng5 d5 1/2-1/2

[Event "SR 2. liga A 2014/2015"]
[Site "?"]
[Date "2015.02.14"]
[Round "8.1"]
[White "Dolnak, Michal"]
[Black "Janos, Martin"]
[Result "0-1"]
[WhiteElo "2187"]
[BlackElo "2215"]
[PlyCount "162"]
[EventDate "2014.??.??"]

1. d4 Nc6 2. c4 e5 3. d5 Nce7 4. e4 Ng6 5. Be3 Bb4+ 6. Nd2 Nf6 7. Bd3 O-O 8. a3
Be7 9. g3 d6 10. f3 Nh5 11. Ne2 Bg5 12. Bf2 Bh3 13. Nc3 Qd7 14. Rg1 Nf6 15. Qe2
c6 16. O-O-O a6 17. Kb1 Qd8 18. Nf1 Nd7 19. Bc2 Qc7 20. Ne3 Rfb8 21. Nf5 c5 22.
Bd3 Ndf8 23. Be3 Bxe3 24. Qxe3 Qd8 25. a4 b6 26. Ne2 b5 27. cxb5 Bxf5 28. exf5
Ne7 29. Nc3 f6 30. g4 Kh8 31. g5 Nd7 32. bxa6 Rb4 33. gxf6 Nxf6 34. Qg5 Qf8 35.
Bb5 Rf4 36. Rd3 Rxf5 37. Qg2 Nh5 38. Re3 Nf4 39. Qd2 Rh5 40. Bc4 Nf5 41. Ree1
Nd4 42. Ref1 Qf6 43. Ne4 Qh6 44. h3 Rf5 45. Qa5 Nxh3 46. Rh1 Nxf3 47. Qb6 Qe3
48. Nxd6 Rff8 49. a7 Nd2+ 50. Ka2 Nf4 51. Rfg1 Nh3 52. Rc1 Nf2 53. Rhg1 Nxc4
54. Nxc4 Qd4 55. Qc7 e4 56. Ne5 Qxa4+ 57. Kb1 Qxa7 58. Qxa7 Rxa7 59. Rxc5 Kg8
60. d6 Rd8 61. d7 Nd3 62. Rc8 Raxd7 63. Nxd7 Rxc8 64. Nf6+ Kf7 65. Nxe4 Rb8 66.
Ng5+ Kg8 67. Rg2 h6 68. Ne6 g5 69. Rh2 Kf7 70. Nd4 Kg6 71. Nc6 Re8 72. Kc2 Nf4
73. b4 g4 74. b5 g3 75. Rh1 g2 76. Rg1 h5 77. Kb3 h4 78. b6 h3 79. b7 h2 80.
Rxg2+ Nxg2 81. Ne7+ Kh7 0-1

[Event "SR 2. liga A 2014/2015"]
[Site "?"]
[Date "2015.02.14"]
[Round "8.1"]
[White "Certek, Pavel"]
[Black "Bronis, Marian"]
[Result "1-0"]
[WhiteElo "2267"]
[BlackElo "2157"]
[PlyCount "81"]
[EventDate "2014.??.??"]

1. d4 d5 2. c4 Nc6 3. Nf3 Bg4 4. cxd5 Bxf3 5. dxc6 Bxc6 6. Nc3 e6 7. e4 Bb4 8.
Qd3 Qh4 9. d5 O-O-O 10. g3 Qe7 11. Bh3 Kb8 12. O-O Nf6 13. Bg5 h6 14. Bxf6 Qxf6
15. Qc4 Bxc3 16. dxc6 Bd4 17. Qb5 Bb6 18. e5 Qg5 19. a4 Rd5 20. Qb3 a5 21. Bg2
Rd4 22. cxb7 Qxe5 23. Rac1 Qd6 24. Rcd1 Rd8 25. Rxd4 Bxd4 26. Kh1 Qb6 27. Qf3
Rd7 28. b3 c5 29. Qd3 g6 30. Rd1 Rd6 31. Qf3 Rd7 32. Qf4+ Qc7 33. Qxh6 Bg7 34.
Qc1 Rxd1+ 35. Qxd1 Bd4 36. h4 Qd6 37. Qe1 Qc7 38. Qe2 Ka7 39. Qb5 Bf6 40. b8=Q+
Qxb8 41. Qxa5# 1-0

[Event "SR 2. liga A 2014/2015"]
[Site "?"]
[Date "2015.02.14"]
[Round "8.1"]
[White "Duriga, Stefan"]
[Black "Tepper, Frantisek"]
[Result "1/2-1/2"]
[WhiteElo "2239"]
[BlackElo "2158"]
[PlyCount "36"]
[EventDate "2014.??.??"]

1. d4 Nf6 2. c4 c5 3. d5 e5 4. Nc3 d6 5. e4 Be7 6. Bd3 Nbd7 7. Be3 Nf8 8. f3
Ng6 9. Qd2 O-O 10. O-O-O h6 11. g3 a6 12. h4 Re8 13. Nge2 Nh7 14. Kb1 Bd7 15.
h5 Ngf8 16. Nc1 Rb8 17. Qc2 Bg5 18. Bxg5 Qxg5 1/2-1/2

[Event "SR 2. liga A 2014/2015"]
[Site "?"]
[Date "2015.02.14"]
[Round "8.1"]
[White "Janos, Jozef"]
[Black "Biro, Karol"]
[Result "1/2-1/2"]
[WhiteElo "2151"]
[BlackElo "2136"]
[PlyCount "63"]
[EventDate "2014.??.??"]

1. d4 d6 2. e4 Nf6 3. Nc3 c6 4. Nf3 g6 5. h3 Bg7 6. Be3 O-O 7. Qd2 b5 8. Bd3 a6
9. O-O Nbd7 10. e5 Ne8 11. Bh6 Nc7 12. Bxg7 Kxg7 13. Ne4 Nb6 14. exd6 exd6 15.
Qf4 Ne8 16. Rfe1 Nd5 17. Qd2 Ra7 18. c4 Ndf6 19. Ng3 bxc4 20. Bxc4 Nc7 21. Rac1
h6 22. Bb3 Bb7 23. Nh4 Ng8 24. Nf3 Ba8 25. Re2 a5 26. Ba4 Ra6 27. Qd3 Bb7 28.
Rec2 Nd5 29. a3 Nge7 30. Ne2 Ra8 31. Qd2 Rc8 32. Bb3 1/2-1/2

[Event "SR 2. liga A 2014/2015"]
[Site "?"]
[Date "2015.02.14"]
[Round "8.1"]
[White "Sukuba, Zdeno"]
[Black "Fabry, Robert"]
[Result "1-0"]
[WhiteElo "2096"]
[BlackElo "2129"]
[PlyCount "97"]
[EventDate "2014.??.??"]

1. c4 Nf6 2. Nc3 d5 3. cxd5 Nxd5 4. g3 Nxc3 5. bxc3 e5 6. Bg2 Bd6 7. Rb1 c6 8.
Nf3 Qc7 9. Qb3 O-O 10. O-O Nd7 11. Ba3 Bxa3 12. Qxa3 Nb6 13. d3 Re8 14. Nd2 Bg4
15. Rfe1 Red8 16. Qa5 Qe7 17. Qb4 Qxb4 18. Rxb4 Bc8 19. c4 Nd7 20. Rc1 Nc5 21.
Rbb1 Kf8 22. Nb3 Nxb3 23. Rxb3 Ke7 24. f4 f6 25. Kf2 Kd6 26. Ke3 Re8 27. Kd2
Kc7 28. e3 Be6 29. fxe5 fxe5 30. Rb2 Rf8 31. Kc3 Rae8 32. Rcb1 b6 33. a4 Rb8
34. a5 Bd7 35. axb6+ axb6 36. Ra1 Ra8 37. Rba2 Rxa2 38. Rxa2 Rf6 39. d4 exd4+
40. exd4 c5 41. Ra7+ Kd6 42. Rb7 cxd4+ 43. Kxd4 Rf2 44. Rxb6+ Ke7 45. Be4 Rxh2
46. Rb7 Kd8 47. c5 Rh6 48. Rb6 Rh3 49. Rd6 1-0

[Event "SR 2. liga A 2014/2015"]
[Site "?"]
[Date "2015.02.14"]
[Round "8.1"]
[White "Slapak, Zdenek"]
[Black "Petreje, Juraj"]
[Result "1/2-1/2"]
[WhiteElo "2091"]
[BlackElo "2060"]
[PlyCount "31"]
[EventDate "2014.??.??"]

1. c4 Nf6 2. Nc3 g6 3. g3 Bg7 4. Bg2 O-O 5. Nf3 d6 6. d4 c6 7. O-O Nbd7 8. e4
Qc7 9. Re1 e5 10. h3 a6 11. a4 Re8 12. dxe5 dxe5 13. Be3 a5 14. Qc2 Bf8 15.
Rad1 Nc5 16. Nd2 1/2-1/2

[Event "SR 2. liga A 2014/2015"]
[Site "?"]
[Date "2015.02.14"]
[Round "8.1"]
[White "Povysil, Peter"]
[Black "Mikulas, Dusan"]
[Result "1/2-1/2"]
[WhiteElo "1997"]
[BlackElo "2073"]
[PlyCount "50"]
[EventDate "2014.??.??"]

1. Nf3 Nf6 2. g3 c5 3. Bg2 Nc6 4. O-O g6 5. d3 Bg7 6. e4 d6 7. Nc3 O-O 8. h3 h6
9. Be3 Kh7 10. d4 cxd4 11. Nxd4 Bd7 12. Qd2 Ne5 13. b3 Rc8 14. Nce2 a6 15. c4
Qc7 16. Rac1 Rfd8 17. f4 Nc6 18. f5 Ne5 19. fxg6+ fxg6 20. Nf4 Rh8 21. Nde6
Bxe6 22. Nxe6 Qd7 23. Nxg7 Kxg7 24. Rcd1 Qe6 25. Qd4 Ned7 1/2-1/2

[Event "SR 2. liga A 2014/2015"]
[Site "?"]
[Date "2015.02.14"]
[Round "8.1"]
[White "Kuna, Vladimir"]
[Black "Mandak, Miroslav"]
[Result "1-0"]
[WhiteElo "1989"]
[BlackElo "2003"]
[PlyCount "173"]
[EventDate "2014.??.??"]

1. d4 Nf6 2. Nf3 d5 3. c4 c6 4. Nc3 e6 5. Bg5 h6 6. Bh4 Qa5 7. Nd2 Nbd7 8. a3
Bd6 9. c5 Bb8 10. b4 Qd8 11. e4 g5 12. Bg3 e5 13. dxe5 Nxe5 14. exd5 Nxd5 15.
Nce4 Qe7 16. Be2 O-O 17. h3 f5 18. Nd6 f4 19. Nxc8 Rxc8 20. Bh2 f3 21. gxf3
Nd3+ 22. Kf1 N3f4 23. Bc4 Be5 24. Ra2 Kg7 25. Bxd5 cxd5 26. Bxf4 Bxf4 27. Kg2
Re8 28. Nf1 Qf7 29. Re2 Rxe2 30. Qxe2 Re8 31. Qd3 Qe6 32. Ng3 Bxg3 33. Kxg3 a6
34. Rd1 Rd8 35. Qd4+ Kg6 36. Rd3 Qf7 37. Re3 Rf8 38. Kg2 Rd8 39. Qe5 Rd7 40. a4
d4 41. Rd3 Qd5 42. Qe4+ Kf6 43. Qe8 Kg7 44. Qe4 Kf6 45. Qe8 Rd8 46. Qh5 Kg7 47.
Qg4 a5 48. bxa5 Qxc5 49. Qe4 Qd5 50. Qe7+ Kg6 51. Qb4 Rd7 52. Qb5 Kf5 53. a6
Qxb5 54. axb5 bxa6 55. bxa6 Ke5 56. Kf1 Ra7 57. Ra3 Kd5 58. Ke2 Kc4 59. Kd2 Kb4
60. Ra1 Kc4 61. Rc1+ Kd5 62. Ra1 Kc4 63. Kc2 Kb4 64. Kd3 Kc5 65. Ra2 Kb6 66.
Kxd4 Rd7+ 67. Ke4 Ka7 68. Kf5 Rd6 69. Kg4 Rd4+ 70. Kg3 Rf4 71. Ra5 Rf6 72. Ra4
Rf7 73. f4 gxf4+ 74. Rxf4 Rg7+ 75. Rg4 Rh7 76. Rg6 h5 77. f4 Rf7 78. Kf3 Rc7
79. Kg3 Rc1 80. Kh4 Rh1 81. f5 Rh2 82. Re6 Rh1 83. f6 Rg1 84. Kxh5 Rh1 85. h4
Rh2 86. f7 Rg2 87. Re7+ 1-0

[Event "SR 2. liga A 2014/2015"]
[Site "?"]
[Date "2015.02.14"]
[Round "8.2"]
[White "Gabris, Ondrej"]
[Black "Balogh, Tomas"]
[Result "1/2-1/2"]
[WhiteElo "2251"]
[BlackElo "2358"]
[PlyCount "78"]
[EventDate "2014.??.??"]

1. e4 e5 2. Nf3 Nf6 3. d4 exd4 4. e5 Ne4 5. Qe2 Nc5 6. Nxd4 Nc6 7. Nf3 Ne6 8.
Nc3 d6 9. exd6 Bxd6 10. Bg5 f6 11. Be3 O-O 12. O-O-O Qe7 13. Qc4 Qf7 14. Bd3
Re8 15. h4 a6 16. Ne4 Be7 17. a3 Nf8 18. Qc3 h6 19. Ng3 Bd6 20. Nf5 Bxf5 21.
Bxf5 Rad8 22. Kb1 Ne5 23. Nxe5 Bxe5 24. Qb4 c6 25. Rxd8 Rxd8 26. h5 Qd5 27. Qg4
Qb5 28. Bc1 Rd4 29. Be4 Rd8 30. Bd3 Qb6 31. f4 Bd6 32. Rh3 Kh8 33. Rg3 Rd7 34.
Re3 Qd8 35. Bc4 Bc5 36. Rg3 Qe7 37. f5 Qe1 38. Bd3 Re7 39. Rf3 Qg1 1/2-1/2

[Event "SR 2. liga A 2014/2015"]
[Site "?"]
[Date "2015.02.14"]
[Round "8.2"]
[White "Janko, Michal"]
[Black "Madar, Martin"]
[Result "0-1"]
[WhiteElo "2280"]
[BlackElo "2174"]
[PlyCount "126"]
[EventDate "2014.??.??"]

1. d4 Nf6 2. c4 c5 3. d5 b5 4. Nf3 d6 5. Qc2 g6 6. e4 Bg7 7. Nc3 b4 8. Nd1 a5
9. a3 Na6 10. Bd3 O-O 11. O-O Bg4 12. Nd2 bxa3 13. Rxa3 Nb4 14. Qb1 Nh5 15. Re1
Bxd1 16. Rxd1 Qd7 17. Nf3 Rfb8 18. Bf1 a4 19. Re1 Ra7 20. h3 Rab7 21. e5 f5 22.
exf6 Nxf6 23. Ng5 Ne8 24. Ne6 Bf6 25. Rg3 Ng7 26. Nxg7 Kxg7 27. Rge3 Kg8 28.
Re6 a3 29. bxa3 Nxd5 30. Qc2 Nc7 31. R6e4 Rb3 32. Be3 Rc3 33. Qd1 Qc8 34. h4
Qb7 35. Bc1 Qb3 36. h5 g5 37. h6 Kf8 38. f4 gxf4 39. Rxf4 Rxc4 40. Bd3 Rxc1 41.
Qxc1 Qxd3 42. Rf3 Qd4+ 43. Kh1 Rb2 44. Qg5 Nd5 45. Qh5 Qd2 46. Rg1 Nc7 47. Qh4
Ke8 48. Qa4+ Kf7 49. Qc4+ Ne6 50. Qg4 Qg5 51. Qc4 d5 52. Qd3 Nf8 53. Rg3 Qh4+
54. Rh3 Qd4 55. Qf3 c4 56. Rd1 Rd2 57. Rf1 c3 58. Qh5+ Ng6 59. Rg3 Qe4 60. Rg4
Qe2 61. Qf5 Rd1 62. Rxd1 Qxd1+ 63. Kh2 c2 0-1

[Event "SR 2. liga A 2014/2015"]
[Site "?"]
[Date "2015.02.14"]
[Round "8.2"]
[White "Janos, Ivan"]
[Black "Slacky, Stanislav"]
[Result "1/2-1/2"]
[WhiteElo "2171"]
[BlackElo "2191"]
[PlyCount "100"]
[EventDate "2014.??.??"]

1. e4 Nf6 2. e5 Nd5 3. d4 d6 4. c4 Nb6 5. exd6 exd6 6. Nf3 Bg4 7. Nc3 Nc6 8.
Be3 Be7 9. b3 O-O 10. Be2 d5 11. c5 Nc8 12. h3 Bh5 13. Qd2 Bf6 14. O-O-O b6 15.
g4 Bg6 16. Bb5 Na5 17. Ne5 Bxe5 18. dxe5 c6 19. f4 Ne7 20. Be2 f5 21. exf6 Rxf6
22. f5 Be8 23. Ne4 Rf8 24. f6 gxf6 25. Bh6 Bg6 26. Nd6 Qc7 27. Rdf1 bxc5 28.
Bxf8 Rxf8 29. Nf5 c4 30. b4 Qe5 31. Qh6 Qc3+ 32. Kb1 Nxf5 33. gxf5 Rb8 34. a3
Qb3+ 35. Kc1 Qxa3+ 36. Kc2 Qxb4 37. Rc1 Re8 38. fxg6 Qb3+ 39. Kd2 Qb2+ 40. Rc2
Rxe2+ 41. Kxe2 Qxc2+ 42. Ke3 Qd3+ 43. Kf2 hxg6 44. Rg1 Qf5+ 45. Ke2 g5 46. Rf1
Qe4+ 47. Kf2 Nb3 48. Kg1 Qd4+ 49. Kg2 Qe4+ 50. Kg1 Qd4+ 1/2-1/2

[Event "SR 2. liga A 2014/2015"]
[Site "?"]
[Date "2015.02.14"]
[Round "8.2"]
[White "Micek, Jaroslav"]
[Black "Hartl, Jan"]
[Result "1-0"]
[WhiteElo "2112"]
[BlackElo "2082"]
[PlyCount "65"]
[EventDate "2014.??.??"]

1. d4 Nf6 2. c4 c5 3. d5 b5 4. cxb5 a6 5. b6 Qxb6 6. Nc3 g6 7. Nf3 Bg7 8. Nd2
d6 9. e4 O-O 10. Nc4 Qc7 11. Be2 Nfd7 12. O-O Nb6 13. Ne3 Bd7 14. Kh1 e6 15. f4
exd5 16. Nexd5 Nxd5 17. Nxd5 Qd8 18. f5 Be5 19. Bf4 Bc6 20. Bxe5 dxe5 21. Bc4
Nd7 22. Qe2 Nb6 23. fxg6 hxg6 24. Nxb6 Qxb6 25. Rf6 Kg7 26. Raf1 Ra7 27. Qg4
Qb7 28. Qg3 Bxe4 29. h4 Qe7 30. Qg5 Rd7 31. h5 Rh8 32. Rxf7+ Qxf7 33. Qxe5+ 1-0